| 000 -LEADER |
| fixed length control field |
02035cam a2200445 a 4500 |
| 001 - CONTROL NUMBER |
| control field |
16688116 |
| 003 - CONTROL NUMBER IDENTIFIER |
| control field |
OSt |
| 005 - DATE AND TIME OF LATEST TRANSACTION |
| control field |
20190819091203.0 |
| 008 - FIXED-LENGTH DATA ELEMENTS--GENERAL INFORMATION |
| fixed length control field |
110311s2012 nyu c 000 1 eng |
| 010 ## - LIBRARY OF CONGRESS CONTROL NUMBER |
| LC control number |
2011009350 |
| 020 ## - INTERNATIONAL STANDARD BOOK NUMBER |
| International Standard Book Number |
9780147511836 |
| 035 ## - SYSTEM CONTROL NUMBER |
| System control number |
(OCoLC)ocn717291582 |
| 040 ## - CATALOGING SOURCE |
| Original cataloging agency |
DLC |
| Language of cataloging |
eng |
| Transcribing agency |
DLC |
| Modifying agency |
IG# |
| -- |
ON8 |
| -- |
BDX |
| -- |
IK2 |
| -- |
OCLCQ |
| -- |
VP@ |
| -- |
YDXCP |
| -- |
DLC |
| 041 1# - LANGUAGE CODE |
| Language code of text/sound track or separate title |
eng |
| Language code of original |
ger |
| 042 ## - AUTHENTICATION CODE |
| Authentication code |
lcac |
| -- |
pcc |
| 043 ## - GEOGRAPHIC AREA CODE |
| Geographic area code |
e-uk--- |
| 082 ## - DEWEY DECIMAL CLASSIFICATION NUMBER |
| Classification number |
FIC VOO |
| 100 1# - MAIN ENTRY--PERSONAL NAME |
| Personal name |
Voorhoeve, Anne C. |
| Relator term |
author |
| 240 10 - UNIFORM TITLE |
| Uniform title |
Liverpool Street . |
| Language of a work |
German |
| 245 10 - TITLE STATEMENT |
| Title |
My family for the war / |
| Statement of responsibility, etc. |
by Anne C. Voorhoeve ; translated by Tammi Reichel. |
| 260 ## - PUBLICATION, DISTRIBUTION, ETC. |
| Place of publication, distribution, etc. |
New York : |
| Name of publisher, distributor, etc. |
Speak, an imprint of Penguin Group, |
| Date of publication, distribution, etc. |
2015. |
| 300 ## - PHYSICAL DESCRIPTION |
| Extent |
402 p. ; |
| Dimensions |
22 cm. |
| 520 ## - SUMMARY, ETC. |
| Summary, etc. |
Before the start of World War II, ten-year-old Ziska Mangold, who has Jewish ancestors but has been raised as a Protestant, is taken out of Nazi Germany on one of the Kindertransport trains, to live in London with a Jewish family, where she learns about Judaism and endures the hardships of war while attempting to keep in touch with her parents, who are trying to survive in Holland. |
| 650 #0 - SUBJECT ADDED ENTRY--TOPICAL TERM |
| Topical term or geographic name entry element |
World War, 1939-1945 |
| Geographic subdivision |
England |
| Form subdivision |
Juvenile fiction. |
| 650 #0 - SUBJECT ADDED ENTRY--TOPICAL TERM |
| Topical term or geographic name entry element |
Identity (Philosophical concept) |
| Form subdivision |
Juvenile fiction. |
| 650 #0 - SUBJECT ADDED ENTRY--TOPICAL TERM |
| Topical term or geographic name entry element |
Jews |
| Geographic subdivision |
England |
| Form subdivision |
Juvenile fiction. |
| 650 #0 - SUBJECT ADDED ENTRY--TOPICAL TERM |
| Topical term or geographic name entry element |
Refugees |
| Form subdivision |
Juvenile fiction. |
| 650 #0 - SUBJECT ADDED ENTRY--TOPICAL TERM |
| Topical term or geographic name entry element |
Holocaust, Jewish (1939-1945) |
| Form subdivision |
Juvenile fiction. |
| 650 #1 - SUBJECT ADDED ENTRY--TOPICAL TERM |
| Topical term or geographic name entry element |
World War, 1939-1945 |
| Geographic subdivision |
England |
| Form subdivision |
Fiction. |
| 650 #1 - SUBJECT ADDED ENTRY--TOPICAL TERM |
| Topical term or geographic name entry element |
Identity |
| Form subdivision |
Fiction. |
| 650 #1 - SUBJECT ADDED ENTRY--TOPICAL TERM |
| Topical term or geographic name entry element |
Jews |
| Geographic subdivision |
England |
| Form subdivision |
Fiction. |
| 650 #1 - SUBJECT ADDED ENTRY--TOPICAL TERM |
| Topical term or geographic name entry element |
Refugees |
| Form subdivision |
Fiction. |
| 650 #1 - SUBJECT ADDED ENTRY--TOPICAL TERM |
| Topical term or geographic name entry element |
Holocaust, Jewish (1939-1945) |
| Form subdivision |
Fiction. |
| 651 #0 - SUBJECT ADDED ENTRY--GEOGRAPHIC NAME |
| Geographic name |
Great Britain |
| General subdivision |
History |
| Chronological subdivision |
George VI, 1936-1952 |
| Form subdivision |
Juvenile fiction. |
| 651 #1 - SUBJECT ADDED ENTRY--GEOGRAPHIC NAME |
| Geographic name |
Great Britain |
| General subdivision |
History |
| Chronological subdivision |
George VI, 1936-1952 |
| Form subdivision |
Fiction. |
| 700 1# - ADDED ENTRY--PERSONAL NAME |
| Personal name |
Reichel, Tammi. |
| Relator term |
Translator |
| 906 ## - LOCAL DATA ELEMENT F, LDF (RLIN) |
| a |
7 |
| b |
cbc |
| c |
orignew |
| d |
1 |
| e |
ecip |
| f |
20 |
| g |
y-gencatlg |
| 942 ## - ADDED ENTRY ELEMENTS (KOHA) |
| Source of classification or shelving scheme |
|
| Koha item type |
Books - Fiction |